000 00373nab a22001097u 4500
008 130520b1989 xxu||||| |||| 00| 0 spa d
041 _aspa
100 1 _aSchotsmans, Paul T.
_912221
245 0 0 _a¿Un mundo nuevo al alcance de la mano? El reto de la genética a la ética
_cPaul T. Schotsmans
773 0 _tConcilium
_gV.1,1989,págs.463-480
_x0210-1041
_wRev134
942 _cAR
999 _c355474
_d355474